000 01078cam a22003377a 4500
003 CHAP
005 20220329140035.0
008 971013s1945 r 00010 d
010 _a46062
011 _a47034
035 _a51175
040 _cCHAP
090 _aTesis
100 0 0 _aSalazar, Carlos.
_9101475
245 1 3 _aLa raíz de zacatón
_b: explotación cultivo, industrialización y comercio
260 _aChapingo, Méx. ; El autor,
_c1945
300 _a75 p.
_b: ilus.
502 _aTesis (Ing. Agr. Esp. en Industrias Agrícolas) --ENA
590 _aALEPH
_b10
_c20130110
_lUCH01
_h1315
590 _aBATCH-UPD
_b10
_c20130110
_lUCH01
_h1404
590 _aBATCH-UPD
_b10
_c20130410
_lUCH01
_h0854
590 _aBATCH-UPD
_b10
_c20130914
_lUCH01
_h1416
590 _aCONVERSION
_b10
_c20130109
_lUCH01
_h1325
650 1 4 _aFibras vegetales.
_940703
650 1 4 _aZacatón.
_9123420
901 _aBK
942 _cFOLL
949 _bBC
_cTES
_d-114639
_eTS1
_i51175
_si
949 _bBC
_cTES
_d-114640
_eTS2
_fc.2
_i51175
_si
949 _bBC
_cTES
_d-114641
_eTS2
_fc.3
_i51175
_si
999 _c46062
_d46062